| 000 | 00701nam a22001337a 4500 | ||
|---|---|---|---|
| 040 | _cRUA | ||
| 082 | _aLMA SIN 2015 B498 Or.1 | ||
| 100 | _aSIN BUNSENG; ស៊ីន ប៊ុនសេង | ||
| 245 | _aStudy on land valuation approach and land valuation map delopment in khan chamkarmmorn, phnom penh; ការសិក្សាពីវិធីសាស្រ្តវាយតម្លៃដីធ្លី និងការបង្កើតដែនដីវាយតម្លៃដីធ្លី នៅខណ្ឌចំការមន រាជធានីភ្នំពេញ | ||
| 260 |
_aPhnom Penh _bRUA _c2015 |
||
| 300 |
_axi;54p. _bill. _c29cm. |
||
| 856 | _uSIN BUNSENG | ||
| 942 | _cLMA | ||
| 999 |
_c8342 _d8342 |
||